[Event "Puspokladany Arnoth Memorial 10th"]
[Site "Puspokladany"]
[Date "2017.07.27"]
[Round "2"]
[White "Vass, Laszlo"]
[Black "Leszko, Bence"]
[Result "0-1"]
[WhiteElo "1791"]
[BlackElo "2033"]
[PlyCount "112"]
[EventDate "2017.07.26"]
[EventType "swiss"]
[EventRounds "9"]
[EventCountry "HUN"]
[SourceTitle "EXT 2019"]
[Source "ChessBase"]
[SourceDate "2018.10.10"]
[SourceVersion "1"]
[SourceVersionDate "2018.10.10"]
[SourceQuality "1"]

1. e4 e6 2. d4 d5 3. exd5 exd5 4. c4 c6 5. Nc3 Nf6 6. h3 Bb4 7. Bd3 0-0 8. Nf3 Re8+ 9. Be3 Be6 10. c5 b6 11. cxb6 axb6 12. 0-0 Bxc3 13. bxc3 Ne4 14. Qc2 Bf5 15. Rfe1 Nd7 16. Bf4 c5 17. Nd2 Ndf6 18. f3 Nxd2 19. Bxf5 Nc4 20. Bg5 Rxe1+ 21. Rxe1 g6 22. Bd3 Qd6 23. Qf2 Re8 24. Bxc4 dxc4 25. Rxe8+ Nxe8 26. Qe3 Qe6 27. Qxe6 fxe6 28. Kf2 Nc7 29. Ke2 Nd5 30. Kd2 Kf7 31. Kc2 Kg7 32. a3 h6 33. Bd2 g5 34. g3 Kf6 35. Bc1 Kf5 36. Bd2 e5 37. dxe5 Kxe5 38. Kb2 Ne7 39. f4+ Kf5 40. g4+ Kf6 41. f5 Nd5 42. Kc2 Ke5 43. Kd1 Ke4 44. Ke2 b5 45. Be1 Nf4+ 46. Kd2 Nd5 47. Bf2 h5 48. Bg3 hxg4 49. hxg4 Nf6 50. Bd6 Nxg4 51. Bxc5 Kxf5 52. Ke2 Nf6 53. Kf3 Nd5 54. Bd4 g4+ 55. Kg3 Nf4 56. Bg7 Nh5+ 0-1

[Event "HUN-chT2 Toth 1617"]
[Site "Hungary"]
[Date "2017.03.12"]
[Round "10.5"]
[White "Vass, Laszlo"]
[Black "Tenk, Zoltan"]
[Result "0-1"]
[WhiteElo "1783"]
[BlackElo "1899"]
[PlyCount "57"]
[EventDate "2016.09.25"]
[EventType "team-tourn"]
[EventRounds "11"]
[EventCountry "HUN"]
[SourceTitle "EXT 2021"]
[Source "ChessBase"]
[SourceDate "2020.10.23"]
[SourceVersion "1"]
[SourceVersionDate "2020.10.23"]
[SourceQuality "1"]
[WhiteTeam "Nadudvar"]
[BlackTeam "Szeged Maroczy II"]
[WhiteTeamCountry "HUN"]
[BlackTeamCountry "HUN"]

1. e4 c5 2. Nc3 e6 3. Nf3 Nc6 4. d4 cxd4 5. Nxd4 Nf6 6. Ndb5 a6 7. Nd6+ Bxd6 8. Qxd6 Qe7 9. Qd1 h6 10. Bf4 Nxe4 11. Qd3 Nxc3 12. bxc3 d5 13. Be2 0-0 14. 0-0 e5 15. Bg3 Be6 16. f4 e4 17. Qd2 f5 18. a4 Rac8 19. Bf2 Rfd8 20. Bb6 Rd7 21. a5 Qf6 22. Rfd1 g5 23. Be3 Rg7 24. Ra4 Qg6 25. g3 Nd8 26. c4 dxc4 27. Qc3 Qf7 28. Bd4 Rh7 29. Bf6 0-1

[Event "HUN-chT2 Toth 1617"]
[Site "Hungary"]
[Date "2017.02.12"]
[Round "8.7"]
[White "Vass, Laszlo"]
[Black "Egyed, Zsolt"]
[Result "1-0"]
[WhiteElo "1783"]
[BlackElo "2099"]
[PlyCount "73"]
[EventDate "2016.09.25"]
[EventType "team-tourn"]
[EventRounds "11"]
[EventCountry "HUN"]
[SourceTitle "EXT 2021"]
[Source "ChessBase"]
[SourceDate "2020.10.23"]
[SourceVersion "1"]
[SourceVersionDate "2020.10.23"]
[SourceQuality "1"]
[WhiteTeam "Nadudvar"]
[BlackTeam "Karcag"]
[WhiteTeamCountry "HUN"]
[BlackTeamCountry "HUN"]

1. e4 c5 2. Nc3 g6 3. Nf3 Bg7 4. d4 cxd4 5. Nxd4 d6 6. Bc4 Nf6 7. 0-0 0-0 8. h3 Qb6 9. Nf3 Nc6 10. Bb3 Na5 11. Be3 Qd8 12. Qd2 Nxb3 13. axb3 a6 14. Bh6 Bd7 15. Bxg7 Kxg7 16. Rfe1 Bc6 17. Rad1 Qc7 18. Re3 Rad8 19. Nd5 Qd7 20. Nxf6 exf6 21. Nh2 Rfe8 22. f3 Qc7 23. Rd3 Qb6+ 24. Kh1 Re7 25. Ng4 Re6 26. Qh6+ Kg8 27. Qf4 Qc5 28. Nxf6+ Kg7 29. Ng4 Qxc2 30. Qh6+ Kg8 31. e5 Qxb2 32. Rd4 Bxf3 33. gxf3 Qxb3 34. R1d3 Qb1+ 35. Kg2 Rc8 36. Nf6+ Rxf6 37. exf6 1-0

[Event "HUN-chT2 Barcza 1415"]
[Site "Hungary"]
[Date "2014.12.14"]
[Round "?"]
[White "Gunyecz, Zoltan"]
[Black "Vass, Laszlo"]
[Result "1-0"]
[WhiteElo "1904"]
[BlackElo "1812"]
[PlyCount "45"]
[EventDate "2014.09.07"]
[EventType "team-tourn"]
[EventRounds "11"]
[EventCountry "HUN"]
[SourceTitle "EXT 2016"]
[Source "ChessBase"]
[SourceDate "2015.10.08"]
[SourceVersion "1"]
[SourceVersionDate "2015.10.08"]
[SourceQuality "1"]
[WhiteTeam "Nyiregyhaza"]
[BlackTeam "Nadudvar"]
[WhiteTeamCountry "HUN"]
[BlackTeamCountry "HUN"]

1. d4 Nf6 2. c4 e5 3. dxe5 Ng4 4. Bf4 Bc5 5. e3 Nc6 6. Qxg4 Bf8 7. Qd1 Bb4+ 8. Nd2 g5 9. Bg3 h5 10. h4 g4 11. a3 Bf8 12. f4 Bc5 13. Bf2 a5 14. Ne4 Be7 15. g3 d6 16. exd6 cxd6 17. Ne2 Bf5 18. Bg2 Rh6 19. 0-0 Qb6 20. Qd2 a4 21. N4c3 Qb3 22. Bxc6+ bxc6 23. Nd4 1-0

[Event "HUN-chT2 Barcza 1314"]
[Site "Hungary"]
[Date "2014.02.16"]
[Round "7"]
[White "Vass, Laszlo"]
[Black "Lengyel, Laszlo1111"]
[Result "0-1"]
[WhiteElo "1899"]
[BlackElo "2002"]
[PlyCount "32"]
[EventDate "2013.09.08"]
[EventType "team-tourn"]
[EventRounds "11"]
[EventCountry "HUN"]
[SourceTitle "EXT 2016"]
[Source "ChessBase"]
[SourceDate "2015.10.08"]
[SourceVersion "1"]
[SourceVersionDate "2015.10.08"]
[SourceQuality "1"]
[WhiteTeam "Nadudvar"]
[BlackTeam "Tiszavasvar"]
[WhiteTeamCountry "HUN"]
[BlackTeamCountry "HUN"]

1. e4 d6 2. d4 Nf6 3. Bd3 e5 4. c3 Nbd7 5. Ne2 Be7 6. 0-0 0-0 7. f4 c5 8. fxe5 dxe5 9. d5 c4 10. Bc2 Nc5 11. Ng3 Qb6 12. Kh1 Qa6 13. h3 Bd7 14. Be3 Nd3 15. Bxd3 cxd3 16. Qd2 Ne8 0-1

[Event "HUN-chT2 Barcza 1314"]
[Site "Hungary"]
[Date "2013.11.17"]
[Round "5"]
[White "Daroczy, Sandor"]
[Black "Vass, Laszlo"]
[Result "0-1"]
[WhiteElo "1943"]
[BlackElo "1899"]
[PlyCount "92"]
[EventDate "2013.09.08"]
[EventType "team-tourn"]
[EventRounds "11"]
[EventCountry "HUN"]
[SourceTitle "EXT 2016"]
[Source "ChessBase"]
[SourceDate "2015.10.08"]
[SourceVersion "1"]
[SourceVersionDate "2015.10.08"]
[SourceQuality "1"]
[WhiteTeam "Debrecen Sakkiskola"]
[BlackTeam "Nadudvar"]
[WhiteTeamCountry "HUN"]
[BlackTeamCountry "HUN"]

1. d4 Nf6 2. c4 e5 3. dxe5 Ng4 4. e4 Nxe5 5. f4 Ng6 6. Nf3 Bc5 7. Nc3 a5 8. Bd3 0-0 9. Qe2 c6 10. a3 Qc7 11. e5 d6 12. Ne4 Nd7 13. e6 Nf6 14. Nxc5 dxc5 15. Bxg6 fxg6 16. 0-0 Re8 17. Qf2 b6 18. f5 gxf5 19. Ng5 h6 20. Bf4 Qe7 21. Nf3 Qxe6 22. b3 Ne4 23. Qb2 b5 24. Rac1 Ra7 25. Rfe1 Qf7 26. Ne5 Qf6 27. Qa1 Rae7 28. Rcd1 Kh7 29. Nf3 Qxa1 30. Rxa1 g5 31. Be3 f4 32. Bf2 Nxf2 33. Kxf2 Kg6 34. Rad1 Rxe1 35. Nxe1 Kf5 36. Rd6 bxc4 37. bxc4 Re6 38. Rd8 Ba6 39. Rf8+ Ke4 40. Ra8 Bxc4 41. Rxa5 Kd5 42. Ra8 Re2+ 43. Kf3 Kd4 44. Rd8+ Kc3 45. Rd1 Re3+ 46. Kg4 Be2+ 0-1

[Event "HUN-chT2 Barcza 1314"]
[Site "Hungary"]
[Date "2013.09.08"]
[Round "1"]
[White "Vass, Laszlo"]
[Black "Gorbe, Szabolcs"]
[Result "0-1"]
[WhiteElo "1899"]
[BlackElo "1898"]
[PlyCount "74"]
[EventDate "2013.09.08"]
[EventType "team-tourn"]
[EventRounds "11"]
[EventCountry "HUN"]
[SourceTitle "EXT 2016"]
[Source "ChessBase"]
[SourceDate "2015.10.08"]
[SourceVersion "1"]
[SourceVersionDate "2015.10.08"]
[SourceQuality "1"]
[WhiteTeam "Nadudvar"]
[BlackTeam "Nyiregyhaza SISE"]
[WhiteTeamCountry "HUN"]
[BlackTeamCountry "HUN"]

1. e4 e5 2. Nc3 Nf6 3. f4 d5 4. fxe5 Nxe4 5. Nf3 Be7 6. d3 Nxc3 7. bxc3 0-0 8. Be2 c5 9. 0-0 Nc6 10. d4 c4 11. Be3 b5 12. Qd2 a5 13. Bg5 Bf5 14. Bxe7 Qxe7 15. Ng5 Qd7 16. Bf3 b4 17. Bxd5 Qxd5 18. Rxf5 bxc3 19. Qxc3 Qxd4+ 20. Qxd4 Nxd4 21. Rf2 h6 22. Nf3 Rfd8 23. Kf1 Rab8 24. Ke1 Rb2 25. Nxd4 Rxd4 26. Re2 c3 27. a3 Kf8 28. Kf2 Rd2 29. Rxd2 cxd2 30. Rd1 Rxc2 31. Ke2 Ra2 32. Rxd2 Rxa3 33. Kd1 Ra1+ 34. Kc2 Ra2+ 35. Kc3 Rxd2 36. Kxd2 Ke7 37. Kc3 Ke6 0-1

[Event "HUN-chT2 Barcza 1112 "]
[Site "Hungary"]
[Date "2012.05.20"]
[Round "11"]
[White "Szabo, Istvan"]
[Black "Vass, Laszlo"]
[Result "0-1"]
[WhiteElo "1979"]
[BlackElo "1789"]
[PlyCount "82"]
[EventDate "2011.09.25"]
[EventType "team-tourn"]
[EventRounds "11"]
[EventCountry "HUN"]
[SourceTitle "EXT 2013"]
[Source "ChessBase"]
[SourceDate "2012.11.22"]
[SourceVersion "1"]
[SourceVersionDate "2012.11.22"]
[SourceQuality "1"]
[WhiteTeam "Debrecen Betu"]
[BlackTeam "Nadudvar"]
[WhiteTeamCountry "HUN"]
[BlackTeamCountry "HUN"]

1. c4 Nf6 2. Nc3 e6 3. g3 d5 4. Bg2 d4 5. Ne4 c5 6. d3 Be7 7. Nxf6+ Bxf6 8. Qa4+ Nd7 9. b4 0-0 10. b5 a6 11. Nf3 Nb6 12. Qb3 axb5 13. Qxb5 Be7 14. Bd2 Bd7 15. Qb3 Ba4 16. Qb2 Bc6 17. 0-0 Nd7 18. Rfb1 e5 19. Ne1 Bxg2 20. Kxg2 b6 21. Qb5 f5 22. a4 Qc8 23. a5 Ra6 24. axb6 Qb7+ 25. f3 Rxb6 26. Qxd7 Qxd7 27. Rxb6 Rf6 28. Ra8+ Kf7 29. Rbb8 f4 30. g4 h5 31. h3 hxg4 32. hxg4 Rh6 33. Nc2 Qd6 34. Na3 Rh7 35. Rh8 Qh6 36. Rxh7 Qxh7 37. Nb5 Qh4 38. Ra7 Kg6 39. Ra6+ Kh7 40. Nd6 Qg3+ 41. Kf1 Bh4 0-1

[Event "HUN-chT2 Barcza 1112 "]
[Site "Hungary"]
[Date "2011.11.13"]
[Round "3"]
[White "Sandor, Lajos"]
[Black "Vass, Laszlo"]
[Result "1/2-1/2"]
[WhiteElo "1847"]
[BlackElo "1789"]
[PlyCount "132"]
[EventDate "2011.09.25"]
[EventType "team-tourn"]
[EventRounds "11"]
[EventCountry "HUN"]
[SourceTitle "EXT 2013"]
[Source "ChessBase"]
[SourceDate "2012.11.22"]
[SourceVersion "1"]
[SourceVersionDate "2012.11.22"]
[SourceQuality "1"]
[WhiteTeam "Tiszavasvar"]
[BlackTeam "Nadudvar"]
[WhiteTeamCountry "HUN"]
[BlackTeamCountry "HUN"]

1. e4 c5 2. Nf3 d6 3. Be2 Nf6 4. Nc3 a6 5. 0-0 e6 6. d4 cxd4 7. Nxd4 Be7 8. Be3 0-0 9. Bd3 b5 10. a3 Bb7 11. Rc1 Nbd7 12. Nf3 Rc8 13. Re1 Nc5 14. Bf4 e5 15. Bg3 Qd7 16. h3 Nxd3 17. cxd3 h6 18. Nh4 g6 19. Qd2 Kh7 20. Rf1 Nh5 21. Kh2 Bg5 22. Qd1 Nxg3 23. fxg3 Bxc1 24. Qxc1 a5 25. Qd2 b4 26. axb4 axb4 27. Nd1 Qa4 28. Nf2 Rc2 29. Qe3 Bc8 30. d4 Rxb2 31. dxe5 Qb5 32. Qc1 Qe2 33. exd6 Ba6 34. Ng4 Qd2 35. Qc5 Qc3 36. Nf6+ Kg7 37. Nh5+ Kh7 38. Nf6+ Kh8 39. Qg1 Ra2 40. Nd5 Qg7 41. Nxb4 Bxf1 42. Nxa2 Bc4 43. Nb4 Qe5 44. Qb6 Qxe4 45. d7 Qe7 46. Qd4+ Kh7 47. Nc6 Qe6 48. d8Q Rxd8 49. Nxd8 Qd5 50. Qb6 Qd2 51. Nf3 Qa2 52. Qf6 Bd5 53. Ne1 Kg8 54. Nf3 Qa8 55. Ne5 Qa2 56. Qf1 Kg7 57. Ng4 Qb2 58. Ne3 Ba2 59. Qd3 Bb1 60. Qd5 Ba2 61. Qd7 Qe5 62. Ng4 Qe4 63. Qd1 Bd5 64. Qa1+ Kf8 65. Qh8+ Ke7 66. Qf6+ Ke8 1/2-1/2

[Event "HUN-chT2 Toth 1011"]
[Site "Hungary"]
[Date "2010.09.12"]
[Round "1.8"]
[White "Vass, Laszlo"]
[Black "Revesz, Bela"]
[Result "1-0"]
[WhiteElo "1789"]
[BlackElo "1960"]
[PlyCount "95"]
[EventDate "2010.09.12"]
[EventType "team-tourn"]
[EventRounds "11"]
[EventCountry "HUN"]
[SourceTitle "EXT 2012"]
[Source "ChessBase"]
[SourceDate "2011.11.24"]
[SourceVersion "1"]
[SourceVersionDate "2011.11.24"]
[SourceQuality "1"]
[WhiteTeam "Nadudvar"]
[BlackTeam "Bekes"]
[WhiteTeamCountry "HUN"]
[BlackTeamCountry "HUN"]

1. e4 c5 2. Nc3 Nc6 3. g3 g6 4. Bg2 Bg7 5. Nge2 e6 6. 0-0 Nge7 7. d3 d6 8. Be3 Nd4 9. Qd2 0-0 10. Rac1 Rb8 11. Bh6 Nxe2+ 12. Nxe2 Bxb2 13. Bxf8 Qxf8 14. Rb1 Bg7 15. c3 Nc6 16. f4 Bd7 17. g4 f5 18. gxf5 gxf5 19. Ng3 b6 20. exf5 exf5 21. Nh5 Ne7 22. Rf3 Qf7 23. Rh3 Kh8 24. Re1 Rg8 25. Nxg7 Rxg7 26. Rg3 Rxg3 27. hxg3 Nd5 28. c4 Nf6 29. Qe2 Kg7 30. Qf3 Ba4 31. Qa8 Qd7 32. Bd5 Qc7 33. Qb7 Qxb7 34. Bxb7 Bc2 35. Re7+ Kf8 36. Re6 Nh5 37. Rxd6 Nxg3 38. Bf3 h5 39. Kg2 h4 40. Kh3 Ke7 41. Rd5 Nf1 42. Kxh4 Nd2 43. Be2 Bb1 44. Rxf5 Bxa2 45. Kg5 a5 46. Re5+ Kd6 47. Bg4 a4 48. Re2 1-0

[Event "HUN-chT2 Toth 0708"]
[Site "Hungary"]
[Date "2008.05.18"]
[Round "11"]
[White "Vass, Laszlo"]
[Black "Abraham, Lajos"]
[Result "1-0"]
[WhiteElo "1921"]
[BlackElo "1890"]
[PlyCount "65"]
[EventDate "2007.10.14"]
[EventType "team"]
[EventRounds "11"]
[EventCountry "HUN"]
[SourceTitle "EXT 2009"]
[Source "ChessBase"]
[SourceDate "2008.11.26"]
[SourceVersion "1"]
[SourceVersionDate "2008.11.26"]
[SourceQuality "1"]
[WhiteTeam "Nadudvar"]
[BlackTeam "Roszke"]
[WhiteTeamCountry "HUN"]
[BlackTeamCountry "HUN"]

1. e4 c5 2. Nc3 e6 3. Nf3 a6 4. d4 cxd4 5. Nxd4 Nc6 6. Be3 Bb4 7. Nxc6 bxc6 8. Qd4 Be7 9. Qxg7 Bf6 10. Qg3 e5 11. Bc4 Ne7 12. Qf3 Ng8 13. 0-0-0 Qe7 14. g4 h6 15. h4 Rb8 16. Bb3 d6 17. Kb1 Be6 18. Qg3 Bxb3 19. axb3 Qe6 20. g5 Be7 21. f4 hxg5 22. hxg5 Rxh1 23. Rxh1 exf4 24. Bxf4 Qg6 25. Rd1 Rd8 26. Qd3 Bxg5 27. Rg1 f6 28. Qxa6 Ne7 29. Qa5 Qh7 30. Bxg5 fxg5 31. Qxg5 Qf7 32. Rh1 Kd7 33. Na4 1-0